Obras completas
Saved in:
| Hovedforfatter: | |
|---|---|
| Format: | Bog |
| Sprog: | spansk |
| Udgivet: |
Madrid
Aguilar
1957
|
| Udgivelse: | 8a. ed |
| Fag: | |
| Tags: |
Tilføj Tag
Ingen Tags, Vær først til at tagge denne postø!
|
MARC
| LEADER | 00000nam a2200000 a 4500 | ||
|---|---|---|---|
| 001 | UCQ9876 | ||
| 003 | CL-VaPUC | ||
| 008 | 990127e19570000SP |||||||||||||||||spa|d | ||
| 082 | 0 | 4 | |a 863 |b TER |2 21 |
| 100 | 0 | |a Santa Teresa de Jesús |e author |9 313710 | |
| 245 | 1 | 0 | |a Obras completas |
| 250 | |a 8a. ed | ||
| 300 | |a 1376 p | ||
| 942 | |c BK | ||
| 945 | |d 19990127 00:00:00 |a cmena | ||
| 260 | |a Madrid |b Aguilar |c 1957 | ||
| 650 | 7 | |a PROSAS RELIGIOSAS |2 CL-VaPUC |9 424580 | |
| 650 | 0 | |a Literatura española |9 306261 | |
| 650 | 0 | |a Epístolas |9 321181 | |
| 583 | |a last modification |c 19990127 00:00:00 |k Rodrigo Vera | ||
| 999 | |c 278776 |d 278774 | ||
| 952 | |0 0 |1 0 |4 0 |6 863_000000000000000_TER_1957 |7 0 |8 A |9 317543 |a FDOPOS |b FDOPOS |d 2019-11-20 |i 1318918 |o 863 TER 1957 |p 1318918 |r 2025-01-22 |w 2019-11-20 |y BK |k MLH | ||